000
00340nam a2200145Ia 4500
005
20250325063803.0
008
240331s9999 xx 000 0 und d
082
_b
SID
_a
894
100
_a
Siddeek, N
245
0
_a
Valkaiyin shuvadukal
260
_a
Colombo
_b
P.S. Sundaram & Sons
_c
1987
300
_a
59 p .,
650
_a
Novel
942
_c
L
999
_c
4096
_d
4096